Case histories of the design, construction, and maintenance of rubble mound structures : (Record no. 549905)
[ view plain ]
| 000 -LEADER | |
|---|---|
| fixed length control field | 01099cam a2200217 a 4500 |
| 020 ## - INTERNATIONAL STANDARD BOOK NUMBER | |
| International Standard Book Number | 0784401276 |
| 082 00 - DEWEY DECIMAL CLASSIFICATION NUMBER | |
| Classification number | 627.24 |
| Author Mark | CAS |
| -- | L-39, P-188 |
| 245 00 - TITLE STATEMENT | |
| Title | Case histories of the design, construction, and maintenance of rubble mound structures : |
| Remainder of title | derived from a seminar held at the Eureka Inn in Eureka, California, U.S.A., May 26-27, 1994 / |
| Statement of responsibility, etc. | sponsored by the Committee on Rubble Mound Structures of the Waterways, Port, Coastal, and Ocean Division of the American Society of Civil Engineers and the Coastal Zone Foundation ; edited by Orville T. Magoon and D.D. Davidson. |
| 260 ## - PUBLICATION, DISTRIBUTION, ETC. | |
| Place of publication, distribution, etc. | New York : |
| Name of publisher, distributor, etc. | The Society, |
| Date of publication, distribution, etc. | c1995. |
| 300 ## - PHYSICAL DESCRIPTION | |
| Extent | viii, 287 p. : |
| Other physical details | ill. ; |
| Dimensions | 22 cm. |
| 500 ## - GENERAL NOTE | |
| General note | "Honoring R.Y. Hudson." |
| 526 ## - STUDY PROGRAM INFORMATION NOTE | |
| Program name | 0 |
| Interest level | 0 |
| Reading level | 0 |
| Title point value | 627_240000000000000_CAS |
| 650 #0 - SUBJECT ADDED ENTRY--TOPICAL TERM | |
| Topical term or geographic name entry element | MCE |
| 9 (RLIN) | 379 |
| 650 #0 - SUBJECT ADDED ENTRY--TOPICAL TERM | |
| Topical term or geographic name entry element | Rubble mound breakwaters |
| General subdivision | Case studies |
| -- | Congresses. |
| 9 (RLIN) | 46603 |
| 700 1# - ADDED ENTRY--PERSONAL NAME | |
| Personal name | Davidson, D. Donald. |
| 9 (RLIN) | 46604 |
| 700 1# - ADDED ENTRY--PERSONAL NAME | |
| Personal name | Hudson, Robert Y. |
| 9 (RLIN) | 46605 |
| 700 1# - ADDED ENTRY--PERSONAL NAME | |
| Personal name | Magoon, Orville T. |
| 9 (RLIN) | 46606 |
| 710 2# - ADDED ENTRY--CORPORATE NAME | |
| Corporate name or jurisdiction name as entry element | American Society of Civil Engineers. |
| 9 (RLIN) | 702 |
| 710 2# - ADDED ENTRY--CORPORATE NAME | |
| Corporate name or jurisdiction name as entry element | Coastal Zone Foundation. |
| 9 (RLIN) | 46607 |
| 942 ## - ADDED ENTRY ELEMENTS (KOHA) | |
| Source of classification or shelving scheme | |
| Koha item type | Book |
| Withdrawn status | Lost status | Source of classification or shelving scheme | Damaged status | Not for loan | Permanent Location | Current Location | Date acquired | Total Checkouts | Full call number | Barcode | Date last seen | Price effective from | Koha item type |
|---|---|---|---|---|---|---|---|---|---|---|---|---|---|
| Military College of Engineering (MCE) | Military College of Engineering (MCE) | 10/16/2014 | 627.24 CAS | MCE-43509 | 10/16/2014 | 03/14/2021 | Book |
